000 00422nam a2200193Ia 4500
003 OSt
005 20251127093117.0
008 250729s1897 xx 000 0 und d
020 _a978-1290636414
040 _cAL
041 _aeng
082 _a420 LOWE
100 _aLow W H
_9225027
245 _aEnglish language
260 _aLondon
_c1897
300 _a239p
650 _aEnglish
_9225028
942 _2ddc
_cBED
999 _c236711
_d236711